000 01162nam a22002777a 4500
003 DO-SdBNP
005 20260216104103.0
007 ta
008 220113b1999 a|||e |||| 001 0 spa d
040 _aDO-SdBNP
_bspa
_cBNPHU
082 _222
_a347.05
_bR426p
110 1 0 _aRepública Dominicana. Procuraduría General de la República
_980921
245 1 0 _aProceso judicial :
_bexpedicionarios de Luperón, 1949 /
_cMariano Germán Mejía ; editores Bonaparte Gautreaux Piñeyro, Ysmael Paniagua Gurrero.
260 _aSanto Domingo :
_bProcuraduría General de la República,
_c1999.
300 _av. p :
_bil. ;
_c27 cm.
490 _aColección Procesos No.2,
_vv.2,
500 _a50 aniversario.
590 _aInventariado, 2022 / SA
650 4 0 _965662
_aProcesos
_xDerecho
_zRepública Dominicana
650 4 0 _aProcesos
_xCausas célebres
_zRepública Dominicana
_980923
650 4 0 _a Proceso judicial
_980924
700 1 _aGermán M., Mariano,
_d1946-
_q(Germán Mejía)
_eProcurador General de la República
_99311
700 _aGautreaux Piñeyro, Bonaparte. Paniagua Guerrero, Ysmael
_eEditores
_980922
910 _aSaquino
942 _2ddc
_cLBS1
999 _c51158
_d51158